Online
Catalog

Apología de Sócrates / (Record no. 42869)

MARC details
000 -CABECERA
campo de control de longitud fija 00765nam a2200241 a 4500
001 - NÚMERO DE CONTROL
campo de control 000043380
005 - FECHA Y HORA DE LA ÚLTIMA TRANSACCIÓN
campo de control 20201002040849.0
008 - DATOS DE LONGITUD FIJA--INFORMACIÓN GENERAL
campo de control de longitud fija 090819s1989 dr 000 0 spa d
040 ## - FUENTE DE LA CATALOGACIÓN
Centro catalogador/agencia de origen DO-SdBNP
Lengua de catalogación spa
Centro/agencia transcriptor BNPHU
082 ## - NÚMERO DE LA CLASIFICACIÓN DECIMAL DEWEY
Número de clasificación 888.4
Número de documento/Ítem P718a
100 1# - ENTRADA PRINCIPAL--NOMBRE DE PERSONA
Nombre de persona Platón,
Fechas asociadas al nombre 428?-348 A.C.
9 (RLIN) 15212
245 10 - MENCIÓN DE TÍTULO
Título Apología de Sócrates /
Mención de responsabilidad, etc. Platón.
250 ## - MENCIÓN DE EDICIÓN
Mención de edición ed. rev.
260 ## - PUBLICACIÓN, DISTRIBUCIÓN, ETC.
Lugar de publicación, distribución, etc. Santo Domingo :
Nombre del editor, distribuidor, etc. Alfa y Omega,
Fecha de publicación, distribución, etc. 1989.
300 ## - DESCRIPCIÓN FÍSICA
Extensión XXXII, 91 p. ;
Dimensiones 18 cm.
490 1# - MENCIÓN DE SERIE
Mención de serie Literatura universal
500 ## - NOTA GENERAL
Nota general Incluye referencias biblográficas y notas al pie de las páginas
600 04 - PUNTO DE ACCESO ADICIONAL DE MATERIA--NOMBRE DE PERSONA
Nombre de persona SOCRATES
Fechas asociadas al nombre 470-399 a de J.C.
9 (RLIN) 15213
630 0# - PUNTO DE ACCESO ADICIONAL DE MATERIA--TÍTULO UNIFORME
Título uniforme FEDÓN
9 (RLIN) 15214
650 #4 - PUNTO DE ACCESO ADICIONAL DE MATERIA--TÉRMINO DE MATERIA
Término de materia o nombre geográfico como elemento de entrada Literatura griega
9 (RLIN) 2386
650 #4 - PUNTO DE ACCESO ADICIONAL DE MATERIA--TÉRMINO DE MATERIA
Término de materia o nombre geográfico como elemento de entrada Filosofía griega
9 (RLIN) 15215
830 #0 - PUNTO DE ACCESO ADICIONAL DE SERIE-TÍTULO UNIFORME
Título uniforme Literatura universal
9 (RLIN) 1125
Holdings
Estado de retiro Estado de pérdida Restricciones de uso No para préstamo Código de colección Localización permanente Ubicación/localización actual Ubicación en estantería Fecha de adquisición Número de inventario Total de préstamos Signatura topográfica completa Código de barras Fecha visto por última vez Precio válido a partir de Tipo de ítem Koha
        Monografías: Libros y Folletos Patrimonio Dominicano Patrimonio Dominicano Orden iniciada 12.03.2014 LF1   888.4 P718a 43380-10 25.06.2020 25.06.2020 No se presta

Powered by Koha